| 000 | 00780nam a2200265Ia 4500 | ||
|---|---|---|---|
| 008 | 220204s9999 xx 000 0 und d | ||
| 082 |
_a581.132 _bMIY |
||
| 245 | 0 | _aPhotosynthetic organelles: Structure and function | |
| 490 | _aSpecial issues of plant and cell physiology. No 3 | ||
| 650 | _aBryopsis maxima | ||
| 650 | _aEnergy conversion | ||
| 650 | _aEnzymology | ||
| 650 | _aFluorescence induction | ||
| 650 | _aLipid synthesis | ||
| 650 | _aPhotochemical reaction system | ||
| 650 | _aPhotophosphorylation | ||
| 650 | _aPhotosynthesis | ||
| 650 | _aPhotosynthetic apparatus | ||
| 650 | _aPhotosynthetic organelles | ||
| 650 | _aPhotosystem II | ||
| 650 | _aPlant physiology | ||
| 650 | _aReverse energy transfer | ||
| 700 | _aMIYACHI, S | ||
| 942 | _cBK | ||
| 999 |
_c35549 _d35549 |
||